000 01667nam a2200217 a 4500
001 22572
003 CO-ViMGA
008 141112s2004 ck r 000 u spa d
040 _aCO-ViMGA
_bspa
_cCO-ViMGA
082 0 4 _a757.4 S155d
100 1 _aSanmiguel, David
_932090
245 1 0 _aDibujo de bodegón
260 _aBarcelona :
_bParramón,
_c2005
300 _a159
505 _aEl dibujo elemental : el dibujo de los contornos, perspectiva y perspectivas en el dibujo de los bodegones, el encaje de los objetos, encaje de los objetos sencillo y compuestos 8 - 32 - - Luz y sombra en el bodegón : Sombreado como realce del contorno de los objetos, el sombreado de las superficies, los valores, las sombras degradadas del bodegon 46 - 60 - - Formas y calidades y temas en el bodegón : La representacion de la consistencia de las cosas, La representacion del metal, el dibujo de las flores, dibujo de mancha de un tema floral, supeficies, texturas y temas en el bodegón 72 - 98 - - La composición del bodegón : La composición del bodegon, esquemas compositivos, el espacio compositivo : forma y fondo, el contraste simultaneo 100 - 122 - - Paso a paso : Ensayos para un bodegón de formas abstractas, Un bodegon a la aguada de tinta, preparativos para un dibujo de flores, el espacio y la atmósfera en un bodegón a lapiz, pequeño bodegon de jugetes, con cera 124 - 156
590 _aForma de adquisición : Compra - - Precio : 78000 - - Proveedor : Dismet - - Fecha de adquisición : 2008
650 1 4 _aBODEGONES - DIBUJO - ENSEÑANZAS
_932091
650 1 4 _aBODEGONES - DIBUJO - TECNICAS
_932092
650 1 4 _aDIBUJO TECNICAS
_928373
942 _2ddc
_cBK
999 _c30873
_d30873